banner-ar

انباء الغمر بابناء العمر فى التاريخ / (Record no. 59236)

MARC details
000 -الفاتح
حقل البيانات ثابتة الطول 00918nam a2200217Ia 4500
005 - وقت وتاريخ اخر تعامل مع التسجيلة
رقم الضبط 20240530110200.0
008 - عناصر البيانات ثابتة الطول - معلومات عامة
حقل البيانات ثابتة الطول 140319s9999 xx 000 0 ara d
040 ## - مصدر الفهرسة
وكالة الفهرسة الأصلية GCL /
وكالة النسخ GCL
082 04 - رقم تصنيف ديوى العشرى
رقم التصنيف 920.71 /
رقم المادة ح ا
100 1# - المدخل الرئيسى - إسم شخصى
الإسم الشخصى ابن حجر العسقلانى : بدر الدين ابو المعالى محمد بن احمد بن على
245 10 - بيان العنوان
العنوان انباء الغمر بابناء العمر فى التاريخ /
بيان المسئوليه,etc ابن حجر العسقلانى : بدر الدين ابو المعالى محمد بن احمد بن على
260 ## - PUBLICATION, DISTRIBUTION, ETC. (IMPRINT)
تاريخ النشر أو التوزيع 1986
300 ## - الوصف المادى
التعداد متعدد ؛
أبعاد الوعاء 24 سم
490 ## - بيان السلسلة
عنوان السلسلة اجمل الحكايات الشعبية
رقم المجلد/ التعيين التسلسلي 0
500 ## - تبصرة عامة
تبصرة عامة الاجزاء من 1 الى 10
650 04 - المدخل الاضافى بالموضوع-مصطلح موضوعى
مصطلح موضوعي تاريخ
650 04 - المدخل الاضافى بالموضوع-مصطلح موضوعى
مصطلح موضوعي التاريخ الاسلامى
650 04 - المدخل الاضافى بالموضوع-مصطلح موضوعى
مصطلح موضوعي التراجم
942 ## - عناصر المدخل الإضافي( كوها)
مصدر التصنيف او مخطط الترفيف Dewey Decimal Classification
Koha [default] item type المراجع
260 ## - PUBLICATION, DISTRIBUTION, ETC. (IMPRINT)
-- بيروت :
-- دار الكتب العلمية للنشر والتوزيع ،
Holdings
حالة التراجع حالة الفقد حالة تلف ليس للاعارة المكان المؤقت الموقع الحالى تاريخ الاكتساب اجمالي اﻻعارات رقم الطلب الباركود تاريخ اخر مشاهدة تاريخ تفعيل السعر نوع وعاء كوها مصدر التصنيف او خطة الترفيف موقع الترفيف
        مكتبة القاهرة الكبرى مكتبة القاهرة الكبرى 03/26/2014   920.71\ح ا 153685 03/26/2014 03/26/2014 المراجع    
        مكتبة القاهرة الكبرى مكتبة القاهرة الكبرى 03/26/2014   920.71\ح ا 153686 03/26/2014 03/26/2014 المراجع    
        مكتبة القاهرة الكبرى مكتبة القاهرة الكبرى 03/26/2014   920.71\ح ا 153687 03/26/2014 03/26/2014 المراجع    
        مكتبة القاهرة الكبرى مكتبة القاهرة الكبرى 03/26/2014   920.71\ح ا 153688 03/26/2014 03/26/2014 المراجع    
        مكتبة القاهرة الكبرى مكتبة القاهرة الكبرى 03/26/2014   920.71\ح ا 153689 03/26/2014 03/26/2014 المراجع    
        مكتبة القاهرة الكبرى مكتبة القاهرة الكبرى 03/26/2014   920.71\ح ا 153690 03/26/2014 03/26/2014 المراجع    
        مكتبة القاهرة الكبرى مكتبة القاهرة الكبرى 03/26/2014   920.71\ح ا 153691 03/26/2014 03/26/2014 المراجع    
        مكتبة القاهرة الكبرى مكتبة القاهرة الكبرى 10/17/2022   920.71 / ح ا 168591 10/17/2022 10/17/2022 كتاب ddc ق الرئيسية_التاريخ والجغرافيا_ك عربى
        مكتبة القاهرة الكبرى مكتبة القاهرة الكبرى 10/17/2022   920.71 / ح ا 168592 10/17/2022 10/17/2022 كتاب ddc ق الرئيسية_التاريخ والجغرافيا_ك عربى
        مكتبة القاهرة الكبرى مكتبة القاهرة الكبرى 10/17/2022   920.71 / ح ا 168593 10/17/2022 10/17/2022 كتاب ddc ق الرئيسية_التاريخ والجغرافيا_ك عربى

Powered By

EGPV